000 00843nam a22002177a 4500
999 _c18051
_d18051
005 20251125232903.0
008 s2528 th thaeng
040 _aNALT
041 _athaeng
245 1 0 _aประมวลกฎหมายลักษณะพยาน พร้อมด้วยคำแปลไทย-อังกฤษ
260 3 _aกรุงเทพฯ :
_bสูตรไพศาล,
_c2528
300 _a46 หน้า ;
_b 26 ซม.
650 0 4 _aEvidence -- Thailand
650 0 4 _aกฎหมายลักษณะพยาน
650 0 4 _aพยานหลักฐาน
850 _aNALT
856 4 0 _uhttps://hdl.handle.net/20.500.14156/455450
_71
942 _cLB
_2lcc
998 _j25
_k นีลวัสน์ อินทรักษา
090 _aKT82 ส886ป 2528